MARC

LEADER 00000nam0a2200000 4500
001 280117
005 20231031232348.0
020 |a RU  |b 86-60597 
035 |a (RuTPU)RU\TPU\book\303426 
090 |a 280117 
100 |a 20141225d1986 k y0rusy5003 ca 
101 0 |a rus 
102 |a RU 
105 |a a z 001zy 
200 1 |a Быстродействующая защита шахтных участковых сетей  |f В. Г. Фролкин 
210 |a Москва  |c Недра  |d 1986 
215 |a 125 с.  |c ил. 
320 |a Библиогр.: с. 123-124 (41 назв.) 
606 1 |a Угольные шахты  |x Электрооборудование  |2 stltpush  |3 (RuTPU)RU\TPU\subj\62927 
610 1 |a электрические сети 
610 1 |a электроснабжение 
610 1 |a защита 
610 1 |a применение 
610 1 |a коммутационная аппаратура 
610 1 |a короткое замыкание 
610 1 |a кабельные сети 
675 |a 622.333.012.2:658.26  |z rus  |v 4 
700 1 |a Фролкин  |b В. Г.  |g Владимир Георгиевич  |4 070 
801 0 |a RU  |b RuMRKP  |c 19950704  |g psbo 
801 1 |a RU  |b 63413507  |c 20141225 
801 2 |a RU  |b 63413507  |c 20180207  |g RCR 
942 |c BK